00293 a2200097 4500001001000000005001700010008004100027245004400068100002500112773005800137ART_1802620260410161656.0260409a 10aLavado de dinero y evasión impositiva1 aMecikovsky, Jaime L.0 tPráctica profesionalg- Nº 125 (sep. 2010)wREV542